000 00746nam a22002657a 4500
001 BR8803360
003 BR-BrBNA
005 20230928092928.0
007 ta
008 230509b bl.||||| |||| 00| 0 por d
040 _aBR-BrBNA
_bpor
_cBiblioteca Nacional de Agricultura
041 _a(Por)
072 _aL10; E14
090 _ L10 BR8803360
110 1 _aSecretaria Nacional de Producao Agropecuaria, Brasilia, DF (Brasil)
_99224
245 1 _aRelatorio de biotecnologia. Resumo
246 1 _a[Biotechnology report. Summary]
260 3 _aBrasilia, DF (Brasil):
_c1987.
300 _a28 p.
650 _aENGENHARIA GENETICA
650 _aAGRICULTURA
650 _aPECUARIA
909 _a202309
_bLucia
_c55
_dLucia Elande
942 _cBK
999 _c42037
_d42037